| 000 | 00357 a2200157 4500 | ||
|---|---|---|---|
| 001 | 194993 | ||
| 040 | _cMagnum | ||
| 100 | _aALVES, Carina | ||
| 240 | 1 | 0 |
_aO menino que escrevia com os pés _lpor |
| 245 | 1 | 0 | _aO menino que escrevia com os pés |
| 300 | _a20 | ||
| 362 | 0 | _a2016 | |
| 440 | 1 | _aMundo Criar | |
| 697 | _aLITERATURA INFANTIL | ||
| 942 | _cBK | ||
| 999 |
_c194993 _d194993 |
||